| 000 | 00431nam a2200133Ia 4500 | ||
|---|---|---|---|
| 008 | 160809s9999 xx 000 0 und d | ||
| 100 | _aS, Shelja. | ||
| 245 | _aDesign of IEEE 1149.1 Tap Controller IP Core | ||
| 245 | _cShelja A S, Nandakumar R and Muruganantham C. | ||
| 260 | _bComputer Science and Information Technology | ||
| 260 | _cJuly 2016 | ||
| 650 | _xINFORMATION TECHNOLOGY | ||
| 856 | _uhttp://airccse.org/V6N56.html | ||
| 999 |
_c300139 _d300139 |
||